Statistics for NFL Quarterback Receiver Combos - Most Touchdowns

Click here to take the quiz!

General Stats

  • This quiz has been taken 8,029 times
    (1,112 since last reset)
  • The average score is 24 of 31

Answer Stats

Player % Correct
Peyton Manning
98%
Tom Brady
98%
Aaron Rodgers
96%
Drew Brees
96%
Brett Favre
94%
Phillip Rivers
94%
Dan Marino
94%
Joe Montana
94%
Matt Ryan
93%
Ben Roethlisberger
93%
Jerry Rice
93%
Matthew Stafford
91%
Julio Jones
90%
Antonio Brown
90%
Steve Young
90%
Andy Dalton
89%
Calvin Johnson
89%
Rob Gronkowski
89%
A.J. Green
84%
Marvin Harrison
80%
Jim Kelly
77%
Antonio Gates
76%
Johnny Unitas
75%
Reggie Wayne
66%
Jordy Nelson
65%
Marques Colston
49%
Andre Reed
48%
Mark Clayton
32%
Antonio Freeman
32%
Mark Duper
29%
Raymond Berry
22%

Score Distribution

Percentile by Number Answered

Percent of People with Each Score

Your Score History

You have not taken this quiz since the last reset